Score 0/18 Timer 04:00
0 Plays Today
Album Word % Correct
Slippery When _____Wet
97%
Like a _____Virgin
95.4%
_____ RainPurple
95.3%
_____ in the U.S.A.Born
93.9%
Back in _____ Black
91.1%
The Joshua _____Tree
87.8%
Brothers in _____Arms
77%
Nick of _____Time
68.7%
Appetite for _____ Destruction
66.6%
Album Word % Correct
Straight Outta _____Compton
65%
No _____ RequiredJacket
49.3%
Master of _____Puppets
48.4%
Stop Making _____ Sense
38.7%
_____ for the Masses Music
31.3%
Paul's _____ Boutique
22.2%
Pretty _____ Machine Hate
19.8%
Daydream _____Nation
11.7%
_____, Corruption & LiesPower
9.8%

Today's Daily Dose

Remove Ads.
Support Sporcle.
Get the best of Sporcle when you Go Orange. This ad-free experience offers more features, more stats, and more fun while also helping to support Sporcle. Thank you for becoming a member.

You're not logged in!

Compare scores with friends on all Sporcle quizzes.
OR
Log In

Show Comments

Extras

Top Quizzes Today


Score Distribution

Your Account Isn't Verified!

In order to create a playlist on Sporcle, you need to verify the email address you used during registration. Go to your Sporcle Settings to finish the process.

Report this User

Report this user for behavior that violates our Community Guidelines.

Details: